000 00612nam a2200181Ia 4500
999 _c18551
_d18551
082 _aRR 026.715 ICS-P
245 0 _aProceedings of information service to social scientists: an user oriented approach
260 _aNew Delhi
_bIndian Council of Social Science Research
_c2004
300 _avi, 42
504 _aIncludes appendices
650 _aInformation services
_vIndia
650 _aReference services (libraries)
_vIndia
650 _aSocial sciences
_vResearch
_vIndia
650 _aDocumentation
_vIndia
650 _aResearch
_vIndia
710 _aICSSR-NASSDOC interactive workshop
942 _cBK
_2ddc